Shusterman's Somaesthetics : From Hip Hop Philosophy to Politics and Performance Art /
This edited collection provides an in-depth and wide-ranging exploration of pragmatist philosopher Richard Shusterman's distinctive project of "somaesthetics," devoted not only to better understanding bodily experience but also to greater mastery of somatic perception, performance, an...
مؤلفون آخرون:
التنسيق: كتاب الكتروني
اللغة: English
منشور في:
Leiden; Boston :
BRILL,
2022.
سلاسل:
Studies in Somaesthetics ;
4.
الموضوعات:
الوصول للمادة أونلاين: Login to view Source
الوسوم: إضافة وسم
رقم الطلب: HN13
| LEADER | 02467nam a22004578i 4500 | ||
|---|---|---|---|
| 001 | BRILL9789004468801 | ||
| 003 | nllekb | ||
| 005 | 20220508163449.0 | ||
| 006 | m d | ||
| 007 | cr un uuuua | ||
| 008 | 200716s2022 ne sb 001 0 eng d | ||
| 020 | |a 9789004468801 |q (electronic book) | ||
| 020 | |a 9789004468795 |q (print) | ||
| 024 | 7 | |a 10.1163/9789004468801 |2 DOI | |
| 035 | |z (OCoLC)1263742985 | ||
| 040 | |a NL-LeKB |c NL-LeKB |e rda | ||
| 050 | 4 | |a HN13 | |
| 072 | 7 | |a HPS |2 bicssc | |
| 072 | 7 | |a PHI |x 019000 | |
| 072 | 7 | |a SOC |x 000000 | |
| 082 | 0 | 4 | |a 306.09 |2 23 |
| 245 | 0 | 0 | |a Shusterman's Somaesthetics : |b From Hip Hop Philosophy to Politics and Performance Art / |c edited by Jerold J. Abrams. |
| 246 | 3 | |a From Hip Hop Philosophy to Politics and Performance Art | |
| 264 | 1 | |a Leiden; |a Boston : |b BRILL, |c 2022. | |
| 300 | |a 1 online resource. | ||
| 336 | |a text |b txt |2 rdacontent | ||
| 337 | |a computer |b c |2 rdamedia | ||
| 338 | |a online resource |2 rdacarrier | ||
| 490 | 1 | |a Studies in Somaesthetics ; |v 4 | |
| 504 | |a Includes bibliographical references and index. | ||
| 520 | |a This edited collection provides an in-depth and wide-ranging exploration of pragmatist philosopher Richard Shusterman's distinctive project of "somaesthetics," devoted not only to better understanding bodily experience but also to greater mastery of somatic perception, performance, and presentation. Against contemporary trends that focus narrowly on conceptual and computational thinking, Shusterman returns philosophy to what is most fundamental-the sentient, expressive, human body with its creations of living beauty. Twelve scholars here provide penetrating critical analyses of Shusterman on ontology, perception, language, literature, culture, politics, aesthetics, cuisine, music, and the visual arts, including films of his work in performance art. | ||
| 588 | |a Description based on print version record. | ||
| 650 | 0 | |a Cultural History. | |
| 650 | 0 | |a Social & Political Philosophy. | |
| 700 | 1 | |a Abrams, Jerold J., |e editor. | |
| 776 | 0 | 8 | |i Print version: |t Shusterman's Somaesthetics : From Hip Hop Philosophy to Politics and Performance Art. |d Leiden ; Boston : BRILL, 2022 |z 9789004468795 |
| 830 | 0 | |a Studies in Somaesthetics ; |v 4. | |
| 856 | 4 | |z DOI: |u http://dx.doi.org/10.1163/9789004468801 | |
| 942 | |2 lcc |c EBOOK | ||
| 952 | |0 0 |1 0 |2 lcc |4 0 |7 1 |9 39965 |a BRILL |b BRILL |d 2022-05-08 |l 0 |r 2022-05-08 00:00:00 |w 2022-05-08 |y EBOOK | ||
| 999 | |c 47267 |d 47267 | ||
